| 000 | 01404 a2200385 4500 | ||
|---|---|---|---|
| 001 | 76634 | ||
| 003 | TR-AnTOB | ||
| 005 | 20250620161415.0 | ||
| 008 | 091005u1984 mauar1 0 a0eng | ||
| 035 | _a76634 | ||
| 040 |
_aTR-AnTOB _cTR-AnTOB |
||
| 041 | _aeng | ||
| 090 | _aJOURNAL STU volume 8 (1984) | ||
| 222 | _aJournal of Turkish Studies | ||
| 245 | 0 |
_aTurks,Hungarians and Kipchaks : _ba festschrift in honor of Tibor Halasi-Kun / _cedited by Şinasi Tekin, Gönül Alpay Tekin ; guest editor Pierre Oberling. |
|
| 246 | _aTUBA | ||
| 246 | _aTürklük Bilgisi Araştırmaları. | ||
| 264 | 1 |
_aCambridge [Mass.] : _bHarvard University Office of the University Publisher, _c1984. |
|
| 300 |
_a303 p. : _bill. ; _c28 cm. |
||
| 336 |
_2rdacontent _atext _btxt |
||
| 337 |
_2rdamedia _aunmediated _bn |
||
| 338 |
_2rdacarrier _avolume _bnc |
||
| 500 | _a"Special edition of volume 8 (1984) of The Journal of Turkish Studies." | ||
| 650 | 0 |
_aTürk halkları _xÇalışma ve öğretim _vSüreli yayınlar _959481 |
|
| 650 | 0 |
_aTurkic peoples _xStudy and teaching _vPeriodicals _959480 |
|
| 700 | 1 |
_aOberling, Pierre _926794 |
|
| 700 |
_aTekin, Şinasi, _d1933-2004 _936126 |
||
| 700 | 1 |
_aAlpay Tekin, Gönül _959314 |
|
| 710 | 2 | 2 |
_aHarvard University. _bCenter for Middle Eastern Studies _960123 |
| 902 | _a0031825 | ||
| 903 | _aMerkez Kutuphane | ||
| 942 |
_cCR _2lcc |
||
| 945 | _aSC, BS | ||
| 999 |
_c76634 _d18736 |
||